| 000 | 00796am a2200253a 44500 | ||
|---|---|---|---|
| 003 | AR-BaBNM | ||
| 005 | 20251128211051.0 | ||
| 008 | 222020s1996 #AR|||||||||||000 | ing|| | ||
| 040 | _cAR-BaBNM | ||
| 110 | 2 | _aForeing Language Curriculum. Framework and Criteria Committee (California) | |
| 245 | 1 | 0 |
_aForeign language framework for California public schools _bkindergarten through grade twelve |
| 260 |
_aSacramento _bCalifornia State Board of Education _c1996 |
||
| 300 | _ax, 46 p. | ||
| 650 | 4 | _aENSEÑANZA DE IDIOMAS | |
| 650 | 4 | _aENSEÑANZA DE SEGUNDA LENGUA | |
| 650 | 4 | _aINGLES | |
| 650 | 4 | _aEDUCACION MULTICULTURAL | |
| 650 | 4 | _aPROGRAMAS DE EDUCACION | |
| 650 | 4 | _aCURRICULO | |
| 650 | 4 | _aPOLITICA EDUCATIVA | |
| 651 | 4 | _aEstados Unidos | |
| 942 | _cBK | ||
| 998 | _craquel | ||
| 999 |
_c18083 _d18083 |
||